| 000 | 00860nam a2200205 a 4500 | ||
|---|---|---|---|
| 001 | 000045978 | ||
| 005 | 20201002052546.0 | ||
| 008 | 150605s2010 it 000 p spa d | ||
| 020 | _a9788849706819 | ||
| 040 |
_aDO-SdBNP _bspa _cBNPHU |
||
| 082 |
_axxxx _bxxxx |
||
| 245 | 0 | 0 |
_aL'invenzione del volo : _bcento poesie da Santo Domingo / _ca cura di Danilo Manera. |
| 260 |
_aNardò, LE : _bSalento Books, _c2010. |
||
| 300 |
_a183 p. ; _c21 cm. |
||
| 490 | 1 |
_aNuove Lune _v32 |
|
| 500 | _aIncluye datos biográficos del autor en la solapa de la cubierta | ||
| 505 | 0 |
_aPresentazione notizie sugli autori -- _tÁngela Hernández -- _tJosé Mármol -- _tSoledad Álvarez -- _tPlinio Chahín -- _tRosa Silverio -- _tBasilio Belliard -- _tJosé Rafael Lantigua -- _tTomás Castro Burdiez -- |
|
| 700 | 1 | 2 |
_aManera, Danilo, _d1957- _974048 |
| 830 | 0 |
_aNuove Lune. _n32 _974049 |
|
| 999 |
_c45467 _d45467 |
||